00473nam a2200181 a 4500001001300000003000900013005001700022008004100039020001200080082001600092100001500108245005200123260004100175300000900216500003500225505001700260650001400277nice12345678IN_TiNIC20260116013801.0050524s0000 cana grp 000 0 eng  ac411.700a303.69bSAM aSamghava,  aEveryone Wins!cooperative Games and Activities. aCanadabNew Society Publishersc0000 a100p aincludes index and biblioraphy2 aBibliography aMediation